[Event "Ubeda (m/6)"]
[Site "?"]
[Date "1994.??.??"]
[Round "?"]
[White "Karpov, An"]
[Black "Lautier, J."]
[Result "1/2-1/2"]
[WhiteElo "2780"]
[BlackElo "2645"]
[PlyCount "104"]
[EventDate "1994.??.??"]
[Source "ChessBase"]
[SourceDate "1994.10.01"]

1. e4 c5 2. Nf3 e6 3. d4 cxd4 4. Nxd4 Nf6 5. Nc3 Nc6 6. Ndb5 d6 7. Bf4 e5 8. Bg5 a6 9. Na3 b5 10. Nd5 Be7 11. Bxf6 Bxf6 12. c3 O-O 13. Nc2 Rb8 14. a3 Ne7 15. Ncb4 Bb7 16. Be2 Ng6 17. g3 a5 18. Nc2 Bxd5 19. Qxd5 Ne7 20. Qd3 d5 21. Rd1 g6 22. O-O dxe4 23. Qxe4 Qc7 24. Ne3 Bg7 25. Nd5 Nxd5 26. Rxd5 b4 27. cxb4 axb4 28. a4 b3 29. Rb1 Rfd8 30. Bb5 Qc2 31. Bd3 Qd2 32. a5 Rxd5 33. Qxd5 e4 34. Bxe4 Qxd5 35. Bxd5 Rb5 36. Rd1 Rxa5 37. Bxb3 Bxb2 38. Rd7 Rf5 39. f4 h6 40. Kg2 g5 41. Kf3 gxf4 42. g4 Rf6 43. h4 Kf8 44. g5 hxg5 45. hxg5 Rf5 46. Kg4 Rb5 47. Bc4 Rc5 48. Rxf7+ Ke8 49. Be6 Re5 50. Ba2 Ra5 51. Bc4 Rc5 52. Rxf4 Rxg5+ 1/2-1/2

[Event "Beograd 71/158"]
[Site "?"]
[Date "1997.??.??"]
[Round "?"]
[White "Anand, Viswanathan"]
[Black "Lautier, Joel"]
[Result "0-1"]
[WhiteElo "2765"]
[BlackElo "2660"]
[PlyCount "82"]
[EventDate "1997.??.??"]
[Source "ChessBase"]
[SourceDate "1997.10.01"]

1. e4 c5 2. Nf3 e6 3. d4 cxd4 4. Nxd4 Nf6 5. Nc3 Nc6 6. Ndb5 d6 7. Bf4 e5 8. Bg5 a6 9. Na3 b5 10. Bxf6 gxf6 11. Nd5 Bg7 12. c4 f5 13. cxb5 Nd4 14. Bd3 Be6 15. O-O O-O 16. Nc2 Nxc2 17. Bxc2 fxe4 18. bxa6 Rxa6 19. Bxe4 f5 20. Bd3 Rc6 21. Be2 Rc5 22. Nc3 e4 23. Rc1 d5 24. Na4 Rxc1 25. Qxc1 d4 26. Nc5 Bd5 27. Bc4 Kh8 28. Ne6 Bxe6 29. Bxe6 d3 30. Qc4 Qf6 31. b3 Re8 32. Bd5 Rd8 33. g3 Qe5 34. Bb7 Qe7 35. Bd5 Qe5 36. Bb7 Qe7 37. Bd5 Qd6 38. Bb7 Qb6 39. Qc6 Qd4 40. Qe6 d2 41. Qxf5 Rf8 0-1

[Event "Linares (m/4)"]
[Site "?"]
[Date "1992.??.??"]
[Round "?"]
[White "Anand, V."]
[Black "Ivanchuk, V."]
[Result "1/2-1/2"]
[WhiteElo "2690"]
[BlackElo "2720"]
[PlyCount "47"]
[EventDate "1992.??.??"]
[Source "ChessBase"]
[SourceDate "1992.06.01"]

1. e4 c5 2. Nf3 e6 3. d4 cxd4 4. Nxd4 Nf6 5. Nc3 Nc6 6. Ndb5 d6 7. Bf4 e5 8. Bg5 a6 9. Na3 b5 10. Nd5 Be7 11. Nxe7 Nxe7 12. Bd3 Bb7 13. Qe2 O-O 14. O-O Ng6 15. c4 h6 16. Bxf6 Qxf6 17. cxb5 Nf4 18. Qf3 axb5 19. Nxb5 Qg6 20. Rfd1 Nxd3 21. Qxd3 Bxe4 22. Qg3 Rfb8 23. Nxd6 Rxb2 24. Nc4 1/2-1/2

[Event "Amber-blind 8th"]
[Site "Monte Carlo"]
[Date "1999.03.23"]
[Round "7"]
[White "Anand, Viswanathan"]
[Black "Lautier, Joel"]
[Result "1/2-1/2"]
[WhiteElo "2781"]
[BlackElo "2596"]
[PlyCount "45"]
[EventDate "1999.03.16"]
[Source "ChessBase"]
[SourceDate "1999.05.10"]

1. e4 c5 2. Nf3 e6 3. d4 cxd4 4. Nxd4 Nf6 5. Nc3 Nc6 6. Ndb5 d6 7. Bf4 e5 8. Bg5 a6 9. Na3 b5 10. Bxf6 gxf6 11. Nd5 Bg7 12. c3 f5 13. exf5 Bxf5 14. Nc2 Be6 15. a4 O-O 16. axb5 axb5 17. Rxa8 Qxa8 18. Nce3 Qb7 19. Bd3 f5 20. O-O Kh8 21. Bc2 Qf7 22. f4 e4 23. Kh1 1/2-1/2

[Event "Wijk aan Zee 86/140"]
[Site "?"]
[Date "2003.??.??"]
[Round "?"]
[White "Grischuk, A."]
[Black "Krasenkow, M."]
[Result "1-0"]
[WhiteElo "2712"]
[BlackElo "2633"]
[PlyCount "95"]
[EventDate "2003.??.??"]
[Source "Chess Informant"]
[SourceDate "2002.10.01"]

1. e4 c5 2. Nf3 e6 3. d4 cxd4 4. Nxd4 Nf6 5. Nc3 Nc6 6. Ndb5 d6 7. Bf4 e5 8. Bg5 a6 9. Na3 b5 10. Bxf6 gxf6 11. Nd5 f5 12. Bd3 Be6 13. Qh5 Rg8 14. g3 Rg5 15. Qd1 Bxd5 16. exd5 Ne7 17. c3 Qb6 18. Nc2 e4 19. Be2 f4 20. Qd2 Rxd5 21. Qxf4 Re5 22. O-O Bg7 23. Kh1 b4 24. c4 d5 25. Rad1 Rd8 26. cxd5 Nxd5 27. Qh4 Qg6 28. Ne3 Bf6 29. Qh3 Nxe3 30. Rxd8+ Bxd8 31. fxe3 Rc5 32. b3 a5 33. Bc4 Bf6 34. Rf4 Ke7 35. Qf1 Re5 36. Qd1 Rc5 37. Bd5 Bb2 38. Bxf7 Qd6 39. Qe2 Rc1+ 40. Kg2 Be5 41. Rf5 Bf6 42. Bd5 Qd7 43. Qh5 Rc2+ 44. Kf1 Rc1+ 45. Ke2 Kd8 46. Rxf6 Qb5+ 47. Kd2 Qc5 48. Rd6+ 1-0

[Event "FRA-chT"]
[Site "France"]
[Date "2002.03.30"]
[Round "5.1"]
[White "Vallejo Pons, Francisco"]
[Black "Shirov, Alexei"]
[Result "1-0"]
[WhiteElo "2629"]
[BlackElo "2715"]
[PlyCount "82"]
[EventDate "2002.02.01"]
[Source "ChessBase"]
[SourceDate "2002.07.08"]

1. e4 c5 2. Nc3 Nc6 3. Nge2 Nf6 4. d4 cxd4 5. Nxd4 e5 6. Ndb5 d6 7. Bg5 a6 8. Na3 b5 9. Bxf6 gxf6 10. Nd5 f5 11. c3 Bg7 12. exf5 Bxf5 13. Nc2 O-O 14. Nce3 Be6 15. Bd3 f5 16. O-O Ra7 17. a4 b4 18. cxb4 f4 19. Qh5 Rff7 20. Bxh7+ Kf8 21. Bf5 Rxf5 22. Nxf5 Bxd5 23. b5 Nb4 24. Rac1 axb5 25. axb5 Nd3 26. Rc3 Nxb2 27. Rfc1 Nc4 28. h4 Ra4 29. Qd1 Qa8 30. Rxc4 Rxc4 31. Rxc4 Bxc4 32. Qxd6+ Kg8 33. Qc7 Bf7 34. b6 Qa5 35. Kh2 e4 36. Qc8+ Kh7 37. b7 Be5 38. Qf8 f3+ 39. g3 Kg6 40. b8=Q Bxb8 41. Qg7+ Kxf5 1-0

[Event "Tilburg 74/180"]
[Site "?"]
[Date "1998.??.??"]
[Round "?"]
[White "Topalov, Veselin"]
[Black "Lautier, Joel"]
[Result "0-1"]
[WhiteElo "2700"]
[BlackElo "2625"]
[PlyCount "68"]
[EventDate "1998.??.??"]
[Source "ChessBase"]
[SourceDate "1998.10.01"]

1. e4 c5 2. Nf3 e6 3. d4 cxd4 4. Nxd4 Nf6 5. Nc3 Nc6 6. Ndb5 d6 7. Bf4 e5 8. Bg5 a6 9. Na3 b5 10. Bxf6 gxf6 11. Nd5 Bg7 12. c3 f5 13. exf5 Bxf5 14. Nc2 Be6 15. g3 O-O 16. Bg2 a5 17. O-O f5 18. Qe2 Rb8 19. Rfd1 Kh8 20. Na3 b4 21. Nb5 bxc3 22. bxc3 Bg8 23. Ndc7 Na7 24. Bd5 Nxb5 25. Nxb5 Qb6 26. a4 Rf6 27. Ra2 f4 28. Rad2 fxg3 29. hxg3 Bh6 30. Rc2 Rxf2 31. Qxf2 Be3 32. Kg2 Bxf2 33. Rxf2 Qe3 34. Nxd6 Rb1 0-1

[Event "Madrid"]
[Site "?"]
[Date "1997.??.??"]
[Round "?"]
[White "Short, N."]
[Black "Illescas Cordoba, M."]
[Result "1/2-1/2"]
[WhiteElo "2690"]
[BlackElo "2635"]
[PlyCount "128"]
[EventDate "1997.??.??"]
[Source "ChessBase"]
[SourceDate "1997.02.01"]

1. e4 c5 2. Nc3 Nc6 3. Nge2 Nf6 4. d4 cxd4 5. Nxd4 e5 6. Ndb5 d6 7. Bg5 a6 8. Na3 b5 9. Bxf6 gxf6 10. Nd5 Bg7 11. Bd3 Ne7 12. Nxe7 Qxe7 13. O-O O-O 14. c3 f5 15. Nc2 Rb8 16. exf5 e4 17. Re1 Bxf5 18. Nd4 Bxd4 19. cxd4 d5 20. Qd2 Rb6 21. Rac1 Rg6 22. Bf1 Qh4 23. Re3 Qg5 24. g3 h5 25. Rc5 Be6 26. Re2 Qf6 27. Rc6 Rc8 28. Rxc8+ Bxc8 29. Qe3 h4 30. Rc2 Bg4 31. Rc5 Qf5 32. Bg2 Bf3 33. a3 Rf6 34. Rc3 Kg7 35. Bxf3 exf3 36. Qd3 Re6 37. Qd1 Rf6 38. Qd3 Qg4 39. Qd1 hxg3 40. hxg3 Qh5 41. Re3 a5 42. Re5 Rf5 43. Rxf5 Qxf5 44. b4 axb4 45. axb4 Qe4 46. Qc1 f6 47. Qf1 Qe2 48. Qc1 Kg6 49. Qb1+ Qe4 50. Qd1 Kf5 51. Qd2 Kg4 52. Kh2 Qh7+ 53. Kg1 Qb1+ 54. Kh2 Qh7+ 55. Kg1 Qe4 56. Kh2 Kh5 57. Kg1 Qb1+ 58. Kh2 Qe4 59. Kg1 Qe2 60. Qc1 f5 61. Qe3 Kg6 62. Kh2 Kh5 63. Kg1 Kg6 64. Kh2 Kh5 1/2-1/2

[Event "Groningen"]
[Site "?"]
[Date "1993.??.??"]
[Round "?"]
[White "Beliavsky, A."]
[Black "Shirov, A."]
[Result "1-0"]
[WhiteElo "2635"]
[BlackElo "2685"]
[PlyCount "101"]
[EventDate "1993.??.??"]
[Source "ChessBase"]
[SourceDate "1993.10.01"]

1. e4 c5 2. Nf3 e6 3. d4 cxd4 4. Nxd4 Nf6 5. Nc3 Nc6 6. Ndb5 d6 7. Bf4 e5 8. Bg5 a6 9. Na3 b5 10. Bxf6 gxf6 11. Nd5 f5 12. Bd3 Be6 13. Qh5 Rg8 14. g3 Nd4 15. c3 fxe4 16. Bxe4 Bg4 17. Qxh7 Rg7 18. Qh6 Nf3+ 19. Ke2 Ng5+ 20. f3 Nxe4 21. fxg4 Qc8 22. Qe3 Qxg4+ 23. Qf3 Qxf3+ 24. Kxf3 f5 25. Nc2 Kf7 26. Nce3 Ke6 27. Nxf5 Ng5+ 28. Kg4 Rf7 29. Rhf1 Ne4 30. Rad1 Raa7 31. Nde3 Rad7 32. Kf3 d5 33. g4 Bc5 34. h4 Nf6 35. Rfe1 b4 36. Re2 bxc3 37. bxc3 Bxe3 38. Rxe3 Ne4 39. Kg2 Rc7 40. Rb1 Rb7 41. Rb3 Nd2 42. Rxb7 Rxb7 43. Re2 Nb1 44. Rc2 Na3 45. Rf2 Nb1 46. g5 Nxc3 47. g6 Rd7 48. g7 Kf7 49. h5 Kg8 50. h6 Kh7 51. Ne3 1-0

[Event "Chalkidiki Afitos"]
[Site "Chalkidiki"]
[Date "1993.??.??"]
[Round "6"]
[White "Adams, Michael"]
[Black "Shirov, Alexei"]
[Result "1/2-1/2"]
[WhiteElo "2630"]
[BlackElo "2685"]
[PlyCount "221"]
[EventDate "1993.09.??"]
[Source "ChessBase"]

1. e4 c5 2. Nf3 e6 3. d4 cxd4 4. Nxd4 Nf6 5. Nc3 Nc6 6. Ndb5 d6 7. Bf4 e5 8. Bg5 a6 9. Bxf6 gxf6 10. Na3 b5 11. Nd5 f5 12. c3 Bg7 13. exf5 Bxf5 14. Nc2 Ne7 15. Nxe7 Bxc2 16. Qxc2 Qxe7 17. Be2 O-O 18. O-O d5 19. Rfd1 Rfd8 20. Qb3 Qc5 21. a4 bxa4 22. Rxa4 a5 23. g3 e4 24. Qb5 Bf8 25. Rad4 Rab8 26. Qxc5 Bxc5 27. Rxd5 Rdc8 28. Bg4 Rc6 29. Rg5+ Kf8 30. Rdd5 Be7 31. Rge5 Rxb2 32. Rxa5 Bf6 33. Rxe4 Bxc3 34. Ra8+ Kg7 35. Bf3 Rd6 36. Raa4 Rbd2 37. Rg4+ Rg6 38. Rgc4 Be5 39. Re4 Bc7 40. Kg2 Bb6 41. Re2 Rxe2 42. Bxe2 Re6 43. Rg4+ Rg6 44. Rb4 Rd6 45. Bc4 h6 46. Rb5 Kf6 47. Bd5 Bd4 48. Be4 Rb6 49. Rd5 Rb4 50. Bd3 Bb6 51. Rf5+ Kg7 52. Be2 Re4 53. Bf3 Re7 54. Rb5 Bd4 55. Rd5 Bf6 56. Rd2 Rc7 57. Be4 Re7 58. Kf3 Ra7 59. Rc2 Re7 60. Kf4 Rd7 61. Kf5 Ra7 62. Kg4 Ra4 63. f3 Ra7 64. Rd2 Rc7 65. Rd5 Be7 66. f4 Bc5 67. h4 Be7 68. h5 Bb4 69. Rd1 Kf6 70. Ra1 Re7 71. Kf3 Rc7 72. Ra6+ Kg7 73. Bc6 Bc5 74. Bd5 Ra7 75. Rc6 Be7 76. Ke4 Bd8 77. g4 Re7+ 78. Kf5 Rd7 79. Be4 Rc7 80. Rd6 Be7 81. Rd3 Rc5+ 82. Bd5 Rc1 83. Bb3 Rc5+ 84. Ke4 Rb5 85. Ba2 Ra5 86. Bb3 Rb5 87. Rd7 Rxb3 88. Rxe7 Kf6 89. Rd7 Rb4+ 90. Rd4 Rb6 91. Rc4 Ra6 92. Kd5 Ra5+ 93. Rc5 Ra4 94. Rc6+ Kg7 95. Rc4 Ra5+ 96. Ke4 Ra6 97. Rc5 Ra1 98. Ke5 Re1+ 99. Kf5 Rh1 100. Re5 Rf1 101. Re2 Rg1 102. Re3 Rf1 103. Rh3 Ra1 104. g5 Ra5+ 105. Kg4 hxg5 106. h6+ Kg6 107. f5+ Kf6 108. h7 Ra4+ 109. Kh5 Kg7 110. Kxg5 f6+ 111. Kh5 1/2-1/2

[Event "Gibraltar Masters"]
[Site "Catalan Bay"]
[Date "2004.02.05"]
[Round "10"]
[White "Short, Nigel"]
[Black "Inarkiev, Ernesto"]
[Result "1-0"]
[WhiteElo "2702"]
[BlackElo "2606"]
[PlyCount "91"]
[EventDate "2004.01.27"]
[Source "Roberto Alvarez"]
[SourceDate "2004.02.09"]

1. e4 c5 2. Nf3 Nc6 3. d4 cxd4 4. Nxd4 Nf6 5. Nc3 e6 6. Ndb5 d6 7. Bf4 e5 8. Bg5 a6 9. Na3 b5 10. Nd5 Be7 11. Bxf6 Bxf6 12. c3 O-O 13. Nc2 Bg5 14. g3 Be6 15. h4 Bh6 16. Bh3 Bxd5 17. Qxd5 Qb6 18. O-O Ne7 19. Qd3 a5 20. a3 Rfd8 21. Rfe1 g6 22. Rad1 Ra7 23. Bf1 Rb7 24. b4 Rc8 25. Ne3 Rc6 26. Re2 Rbc7 27. Ng4 Bg7 28. Rc2 h5 29. Nh2 axb4 30. axb4 d5 31. exd5 Rd6 32. Qxb5 Qxb5 33. Bxb5 e4 34. c4 Rb7 35. Nf1 Nf5 36. c5 Rxb5 37. cxd6 Nxd6 38. Rb1 Kf8 39. Rc5 Ke7 40. Nd2 f5 41. Rc7+ Kf6 42. Nc4 Nxc4 43. Rxc4 Bf8 44. Rc6+ Ke5 45. Rxg6 Rxd5 46. b5 1-0

[Event "Tournament (computers)"]
[Site "Internet"]
[Date "2008.01.26"]
[Round "1"]
[White "Computer \"]
[Black "Computer \"]
[Result "1-0"]
[WhiteElo "2812"]
[BlackElo "2479"]
[PlyCount "64"]
[EventDate "2008.??.??"]
[Source "www.chesslib.no"]
[SourceDate "2004.05.04"]

1. e4 c5 2. Nf3 Nc6 3. d4 cxd4 4. Nxd4 e5 5. Nb5 d6 6. N1c3 a6 7. Na3 Nf6 8. Bg5 b5 9. Bxf6 gxf6 10. Nd5 Bg7 11. Bd3 Ne7 12. Nxe7 Qxe7 13. O-O Qa7 14. c4 Qd4 15. cxb5 Qxb2 16. Nc2 Be6 17. bxa6 O-O 18. Qf3 Qc3 19. Rfd1 Rfb8 20. Ne3 Rb2 21. Rac1 Qa3 22. Nd5 Rd2 23. Rxd2 Qxc1+ 24. Rd1 Qg5 25. Be2 Ra7 26. Qb3 Bf8 27. Qb8 Rd7 28. Rd3 Bxd5 29. exd5 Qc1+ 30. Bf1 Qg5 31. Rg3 Kg7 32. Bb5 Re7 1-0

[Event "Camp. russo a squadre 2008"]
[Site "Dagomys RUS"]
[Date "2008.04.04"]
[Round "3"]
[White "Movsesian, S."]
[Black "Popov, Iv RUS"]
[Result "1-0"]
[WhiteElo "2695"]
[BlackElo "2594"]
[PlyCount "105"]
[EventDate "2008.04.02"]
[Source "www.chesslib.no"]
[SourceDate "2004.05.04"]

1. e4 c5 2. Nf3 e6 3. Nc3 Nc6 4. d4 cxd4 5. Nxd4 Nf6 6. Ndb5 d6 7. Bf4 e5 8. Bg5 a6 9. Na3 b5 10. Nd5 Be7 11. Bxf6 Bxf6 12. c4 b4 13. Nc2 a5 14. g3 O-O 15. Bg2 Bg5 16. O-O Ne7 17. Nde3 Bxe3 18. Nxe3 Be6 19. Qd3 Qb6 20. Nf5 Bxf5 21. exf5 Rac8 22. b3 Rfd8 23. Rad1 Rc5 24. Be4 f6 25. Qf3 a4 26. Rd3 axb3 27. axb3 Nc6 28. Bd5+ Kh8 29. Bxc6 Rxc6 30. Rfd1 Qc7 31. Rd5 Rb8 32. Qd3 Rbb6 33. Ra1 h6 34. Ra8+ Rb8 35. Rda5 Rcb6 36. Qd5 Rxa8 37. Rxa8+ Rb8 38. Ra6 Rd8 39. Rc6 Qd7 40. g4 g6 41. Qe6 Kg7 42. Rb6 h5 43. Qd5 Qf7 44. Rb7 Rd7 45. fxg6 Kxg6 46. gxh5+ Kg7 47. h6+ Kg6 48. Qd3+ f5 49. Rxd7 Qxd7 50. c5 d5 51. Qg3+ Kxh6 52. Qxe5 Kh5 53. Qf6 1-0

[Event "RUS"]
[Site "?"]
[Date "2006.04.25"]
[Round "6"]
[White "Movsesian Sergei"]
[Black "Miton Kamil"]
[Result "1/2-1/2"]
[WhiteElo "2618"]
[BlackElo "2646"]
[PlyCount "130"]
[EventDate "2006.??.??"]
[Source "www.chesslib.no"]
[SourceDate "2004.05.04"]

1. e4 c5 2. Nf3 Nc6 3. Nc3 Nf6 4. d4 cxd4 5. Nxd4 e5 6. Ndb5 d6 7. Bg5 a6 8. Na3 b5 9. Nd5 Be7 10. Bxf6 Bxf6 11. c4 b4 12. Nc2 Rb8 13. b3 Bg5 14. g3 O-O 15. Bg2 a5 16. O-O Ne7 17. Nxe7+ Qxe7 18. Qd3 Bb7 19. Rfd1 Rfd8 20. a3 Bc6 21. axb4 axb4 22. h4 Bh6 23. Ra6 Qb7 24. Rda1 g6 25. Ra7 Qb6 26. R1a6 Qc5 27. Qd1 Rb7 28. Ra8 Rbb8 29. R8a7 Rb7 30. Qa1 Rxa7 31. Rxa7 Rb8 32. Qa6 Qb6 33. Kf1 Bd2 34. Qxb6 Rxb6 35. Ke2 Bc3 36. Kd3 Kg7 37. Bh3 Kf6 38. Bc8 h5 39. f3 Rb8 40. Rc7 Rb6 41. g4 Bb2 42. gxh5 gxh5 43. Bd7 Bxd7 44. Rxd7 Bc1 45. Ra7 Bf4 46. Ra4 Ke6 47. Ra8 Kf6 48. Ke2 Kg6 49. Kf2 Bd2 50. Ra4 f5 51. Ra8 f4 52. Ke2 Bc3 53. Kd3 Kf7 54. Ke2 Kg6 55. Ne1 Bxe1 56. Kxe1 Kf6 57. Ke2 Ke6 58. Kd3 Rb7 59. Rg8 Kf6 60. Rf8+ Ke6 61. Rg8 Kf6 62. Kc2 Ra7 63. Kb2 Rb7 64. Rf8+ Ke6 65. Rg8 Kf6 1/2-1/2

[Event "Donner mem-A"]
[Site "Amsterdam"]
[Date "1994.??.??"]
[Round "1"]
[White "Timman, Jan H"]
[Black "Sokolov, Ivan"]
[Result "1/2-1/2"]
[WhiteElo "2635"]
[BlackElo "2625"]
[PlyCount "35"]
[EventDate "1994.08.??"]
[Source "ChessBase"]

1. e4 c5 2. Nf3 e6 3. d4 cxd4 4. Nxd4 Nf6 5. Nc3 Nc6 6. Ndb5 d6 7. Bf4 e5 8. Bg5 a6 9. Na3 b5 10. Bxf6 gxf6 11. Nd5 f5 12. Bd3 Be6 13. O-O f4 14. c4 Rg8 15. f3 b4 16. Nc2 a5 17. b3 Be7 18. Rf2 1/2-1/2

[Event "Burgas"]
[Site "?"]
[Date "1994.??.??"]
[Round "?"]
[White "Topalov, V."]
[Black "Smirin, I."]
[Result "0-1"]
[WhiteElo "2645"]
[BlackElo "2615"]
[PlyCount "92"]
[EventDate "1994.??.??"]
[Source "ChessBase"]
[SourceDate "1994.10.01"]

1. e4 c5 2. Nf3 d6 3. d4 cxd4 4. Nxd4 Nf6 5. Nc3 Nc6 6. Bg5 Qb6 7. Nb3 e6 8. Bf4 Ne5 9. Be3 Qc7 10. f4 Nc6 11. g4 d5 12. e5 Nd7 13. Nb5 Qb8 14. g5 a6 15. N5d4 Qc7 16. Qf3 Nxd4 17. Nxd4 Bb4+ 18. Kf2 Be7 19. h4 Nc5 20. Kg1 Bd7 21. Rh2 h6 22. c4 dxc4 23. Rc2 hxg5 24. hxg5 f6 25. exf6 gxf6 26. gxf6 Bxf6 27. Rxc4 Qd6 28. b4 Na4 29. Re1 Kf7 30. Qxb7 Nb6 31. Nf3 Nxc4 32. Bxc4 Qc6 33. Qxc6 Bxc6 34. Rf1 Bb5 35. Ng5+ Kg6 36. f5+ Kh5 37. Bxb5 axb5 38. Ne4 Bh4 39. f6 Rag8+ 40. Kh2 Rg4 41. f7 Be7 42. Bd4 Rf8 43. Bc5 Kg6 44. Kh3 Rh4+ 45. Kg3 Rxe4 46. Bxe7 Rxf7 0-1

[Event "Aeroflot Open"]
[Site "Moscow"]
[Date "2004.02.20"]
[Round "4"]
[White "Bacrot, Etienne"]
[Black "Yakovich, Yuri"]
[Result "1-0"]
[WhiteElo "2664"]
[BlackElo "2591"]
[PlyCount "143"]
[EventDate "2004.02.17"]
[Source "Roberto Alvarez"]
[SourceDate "2004.03.01"]

1. e4 c5 2. Nf3 Nc6 3. d4 cxd4 4. Nxd4 Nf6 5. Nc3 e6 6. Ndb5 d6 7. Bf4 e5 8. Bg5 a6 9. Na3 b5 10. Bxf6 gxf6 11. Nd5 Bg7 12. Bd3 Ne7 13. Nxe7 Qxe7 14. c4 f5 15. O-O O-O 16. Qf3 d5 17. cxd5 fxe4 18. Bxe4 Rb8 19. Rad1 Qd7 20. d6 Rb6 21. Qc3 Rxd6 22. Bf5 Qc6 23. Rxd6 Qxd6 24. Nxb5 axb5 25. Bxc8 f5 26. Qb3+ Kh8 27. Rd1 Qc5 28. Bd7 b4 29. a3 bxa3 30. Qxa3 Qc2 31. Qd3 Qxd3 32. Rxd3 e4 33. Rb3 f4 34. Kf1 Rd8 35. Bf5 e3 36. fxe3 fxe3 37. Ke1 Be5 38. h3 Ra8 39. Rb5 Bd4 40. Rb7 h6 41. Rh7+ Kg8 42. Rxh6 Bxb2 43. Ke2 Bd4 44. Rc6 Ra1 45. Bd3 Ra2+ 46. Bc2 Ra5 47. Rc4 Bb6 48. Kf3 Rc5 49. Rb4 Ba7 50. Bb3+ Kh8 51. Re4 Rc7 52. g4 Rc3 53. Bc4 Bc5 54. h4 Rc2 55. g5 Rf2+ 56. Kg4 Kg7 57. Kh5 Rc2 58. Ba6 Rf2 59. Re5 Bd6 60. Rxe3 Rf4 61. Rd3 Be7 62. Rd7 Re4 63. Bd3 Re1 64. Rc7 Re3 65. Bc2 Re2 66. Rb7 Re1 67. Rb6 Bf8 68. Rg6+ Kh8 69. Rf6 Kg7 70. Bb3 Re7 71. Rg6+ Kh7 72. Rg8 1-0

[Event "Elista (ol) 74/179"]
[Site "?"]
[Date "1998.??.??"]
[Round "?"]
[White "Georgiev, Kiril"]
[Black "Filippov, Valerij"]
[Result "0-1"]
[WhiteElo "2660"]
[BlackElo "2595"]
[PlyCount "120"]
[EventDate "1998.??.??"]
[Source "ChessBase"]
[SourceDate "1998.10.01"]

1. e4 c5 2. Nf3 e6 3. d4 cxd4 4. Nxd4 Nf6 5. Nc3 Nc6 6. Ndb5 d6 7. Bf4 e5 8. Bg5 a6 9. Na3 b5 10. Bxf6 gxf6 11. Nd5 f5 12. c3 Bg7 13. exf5 Bxf5 14. Nc2 Be6 15. g3 O-O 16. Bg2 a5 17. O-O f5 18. Qe2 Rb8 19. Na3 Na7 20. Rfd1 Kh8 21. Rd2 b4 22. Nc4 Nb5 23. a4 bxc3 24. bxc3 Bxd5 25. axb5 Bxc4 26. Qxc4 e4 27. Rad1 Be5 28. Qb3 Qb6 29. c4 f4 30. Bxe4 fxg3 31. hxg3 Bxg3 32. Kh1 Be5 33. Rxd6 Bxd6 34. Qc3+ Be5 35. Qxe5+ Qf6 36. Qxf6+ Rxf6 37. Kg2 Kg7 38. Ra1 Rc8 39. Bd5 Re8 40. c5 Re2 41. b6 Rexf2+ 42. Kh3 Rh6+ 43. Kg3 Rf5 44. Bf3 Rg6+ 45. Kf2 Rgf6 46. Ra3 Rxc5 47. b7 Rb5 48. Kg3 Rfb6 49. Ra4 Kf6 50. Rh4 h5 51. Ra4 Kg5 52. Bg2 Rb3+ 53. Kh2 R6b5 54. Ra2 Rb2 55. Ra3 Rxb7 56. Rxa5+ R7b5 57. Ra3 R5b4 58. Ra5+ Kh4 59. Kh1 Kg3 60. Rf5 Rh4+ 0-1

[Event "Open"]
[Site "Ashdod"]
[Date "2004.12.15"]
[Round "9.2"]
[White "Najer, Evgeniy"]
[Black "Eljanov, Pavel"]
[Result "1/2-1/2"]
[WhiteElo "2624"]
[BlackElo "2629"]
[PlyCount "91"]
[EventDate "2004.12.09"]
[Source "Roberto Alvarez"]
[SourceDate "2004.12.13"]

1. e4 c5 2. Nc3 Nc6 3. Nf3 Nf6 4. d4 cxd4 5. Nxd4 e5 6. Ndb5 d6 7. Bg5 a6 8. Na3 b5 9. Nab1 Be7 10. Bxf6 Bxf6 11. a4 b4 12. Nd5 O-O 13. Bc4 Bb7 14. O-O Bg5 15. c3 Rc8 16. Qd3 Qa5 17. Nd2 bxc3 18. bxc3 Bxd2 19. Qxd2 Qc5 20. Qd3 Nb4 21. Ne7+ Kh8 22. Qg3 Nc2 23. Nxc8 Nxa1 24. Ne7 Bxe4 25. Bxa6 Nb3 26. Qe3 Qc7 27. Qxe4 Qxe7 28. Qb7 Qxb7 29. Bxb7 Nc5 30. Bc6 Rb8 31. g3 Rb6 32. Bb5 Kg8 33. f4 e4 34. g4 Kf8 35. Kf2 Ke7 36. Rd1 Rb8 37. g5 Ra8 38. Rd4 h6 39. gxh6 gxh6 40. Ke3 Rg8 41. a5 Rg1 42. a6 Ra1 43. Rd5 Ra5 44. Be2 Ra3 45. Kd4 Ra4+ 46. Ke3 1/2-1/2

[Event "Groningen"]
[Site "Groningen"]
[Date "1995.??.??"]
[Round "8"]
[White "Leko, Peter"]
[Black "Lautier, Joel"]
[Result "1/2-1/2"]
[WhiteElo "2605"]
[BlackElo "2645"]
[PlyCount "54"]
[EventDate "1995.12.??"]
[Source "ChessBase"]

1. e4 c5 2. Nf3 e6 3. d4 cxd4 4. Nxd4 Nf6 5. Nc3 Nc6 6. Ndb5 d6 7. Bf4 e5 8. Bg5 a6 9. Na3 b5 10. Bxf6 gxf6 11. Nd5 Bg7 12. c3 f5 13. exf5 Bxf5 14. Nc2 Be6 15. Nce3 Ne7 16. g3 Nxd5 17. Nxd5 O-O 18. Bg2 a5 19. O-O f5 20. Qd2 Rb8 21. Rad1 Kh8 22. a3 Qd7 23. Rfe1 Qa7 24. Qe2 Qf7 25. Kh1 e4 26. Qd2 Be5 27. f3 Bxd5 1/2-1/2

[Event "Manila ol (Men)"]
[Site "Manila PHI"]
[Date "1992.??.??"]
[Round "?"]
[White "Beliavsky, Alexander G"]
[Black "Sokolov, Ivan"]
[Result "1/2-1/2"]
[WhiteElo "2620"]
[BlackElo "2630"]
[PlyCount "154"]
[EventDate "1992.06.??"]
[Source "www.chesslib.no"]
[SourceDate "2004.05.04"]

1. e4 c5 2. Nf3 e6 3. d4 cxd4 4. Nxd4 Nf6 5. Nc3 Nc6 6. Ndb5 d6 7. Bf4 e5 8. Bg5 a6 9. Na3 b5 10. Nd5 Be7 11. Bxf6 Bxf6 12. c4 b4 13. Nc2 Rb8 14. Be2 O-O 15. O-O Bg5 16. Qd3 a5 17. Rad1 Be6 18. b3 Kh8 19. Nde3 Qb6 20. Nf5 Bxf5 21. exf5 Rbd8 22. Bf3 Ne7 23. Be4 Qc5 24. Qf3 Ng8 25. Rd5 Qc7 26. g3 Nf6 27. Rdd1 h5 28. Rfe1 Rfe8 29. Ne3 Bxe3 30. Rxe3 Kg8 31. h3 Rc8 32. g4 hxg4 33. hxg4 Qe7 34. Kg2 Nh7 35. Red3 Red8 36. Rh1 Ng5 37. Qe3 Nxe4 38. Qxe4 d5 39. Rdh3 f6 40. cxd5 Kf7 41. g5 Qd6 42. Rd3 Rc3 43. g6+ Ke7 44. Rh7 Rg8 45. Rxc3 bxc3 46. Qc4 c2 47. Qxc2 Qxd5+ 48. Kg3 Kd6 49. Rh4 Re8 50. f3 Re7 51. Rc4 Rb7 52. Rc8 Rd7 53. Qc1 Qb5 54. Re8 Kd5 55. Re6 a4 56. Qd2+ Kc5 57. b4+ Kc4 58. Qc1+ Kd4 59. a3 Qc4 60. Qd2+ Qd3 61. Qxd3+ Kxd3 62. b5 Kc4 63. b6 Kb5 64. Kg4 Ka6 65. f4 Rd4 66. b7+ Kxb7 67. Re7+ Kb6 68. Rxg7 Rxf4+ 69. Kh5 Rxf5+ 70. Kh6 Rf3 71. Rf7 Rh3+ 72. Kg7 Rxa3 73. Kxf6 Rg3 74. g7 a3 75. Rf8 Kb5 76. g8=Q Rxg8 77. Rxg8 Kb4 1/2-1/2

[Event "Dortmund"]
[Site "?"]
[Date "1992.??.??"]
[Round "?"]
[White "Adams, Michael"]
[Black "Salov, Valery B"]
[Result "1-0"]
[WhiteElo "2590"]
[BlackElo "2655"]
[PlyCount "75"]
[EventDate "1992.??.??"]
[Source "www.chesslib.no"]
[SourceDate "2004.05.04"]

1. e4 c5 2. Nf3 e6 3. d4 cxd4 4. Nxd4 Nf6 5. Nc3 Nc6 6. Ndb5 d6 7. Bf4 e5 8. Bg5 a6 9. Na3 b5 10. Bxf6 gxf6 11. Nd5 Bg7 12. c3 f5 13. exf5 Bxf5 14. Nc2 O-O 15. Nce3 Be6 16. g3 Ne7 17. Bg2 Rb8 18. O-O Nxd5 19. Bxd5 Kh8 20. a4 Bh6 21. axb5 axb5 22. Nc2 Qd7 23. Ra6 Bh3 24. Re1 Bg5 25. Nb4 Bd8 26. Be4 Bb6 27. Nd5 f5 28. Nxb6 Qd8 29. Nd7 Qxd7 30. Rxd6 Qe7 31. Rd7 Qg5 32. Bc2 e4 33. Qd4+ Qf6 34. Qa7 Qh6 35. Ra1 b4 36. Qd4+ Qf6 37. Raa7 Qxd4 38. cxd4 1-0

[Event "FRA-chT"]
[Site "France"]
[Date "2002.03.30"]
[Round "5.1"]
[White "Sokolov, Andrei"]
[Black "Tregubov, Pavel V"]
[Result "1/2-1/2"]
[WhiteElo "2614"]
[BlackElo "2626"]
[PlyCount "70"]
[EventDate "2002.02.01"]
[Source "ChessBase"]
[SourceDate "2002.07.08"]

1. e4 c5 2. Nf3 Nc6 3. d4 cxd4 4. Nxd4 e5 5. Nb5 d6 6. N1c3 a6 7. Na3 b5 8. Nd5 Nf6 9. Bg5 Be7 10. Bxf6 Bxf6 11. c3 O-O 12. Nc2 Bg5 13. a4 bxa4 14. Rxa4 a5 15. Bc4 Rb8 16. b3 Kh8 17. O-O f5 18. exf5 Bxf5 19. Nce3 Bg6 20. Bd3 Bxd3 21. Qxd3 Bxe3 22. fxe3 Rxf1+ 23. Qxf1 h6 24. Qa6 Ne7 25. Qxa5 Qxa5 26. Rxa5 Nxd5 27. Rxd5 Rxb3 28. Rxd6 Rxc3 29. Kf2 Rc5 30. Kf3 Kg8 31. g4 Kf7 32. Ke4 Rc2 33. h4 Rg2 34. Kf5 g6+ 35. Kxe5 Rxg4 1/2-1/2